[Event "34th European Club Cup 2018"]
[Site "Halkidiki"]
[Date "2018.10.17"]
[Round "6"]
[White "Marhoefer, Daniel"]
[Black "Ho, Conrad"]
[Result "0-1"]
[WhiteElo "1773"]
[BlackElo "2056"]
[Annotator "NA"]
[PlyCount "126"]
[EventDate "2018.10.12"]
[EventType "team-tourn"]
[EventCountry "GRE"]
[SourceTitle "playchess.com"]
[Source "ChessBase"]
[SourceQuality "1"]
[WhiteTeam "Dublin"]
[BlackTeam "White Rose"]

1. e4 b6 2. d4 Bb7 3. Nc3 e6 4. Nf3 Bb4 5. Bd3 Nf6 6. Qe2 d5 7. e5 Ne4 8. Bd2 Nxd2 9. Qxd2 Ba6 10. a3 Be7 11. Ne2 Qd7 12. O-O c5 13. Bxa6 Nxa6 14. c3 Rc8 15. Rac1 O-O 16. Qd3 Nb8 17. Rfd1 c4 18. Qc2 Nc6 19. Re1 b5 20. Nd2 Rc7 21. f4 a5 22. g4 f5 23. gxf5 Rxf5 24. Rf1 g6 25. Ng3 Rf8 26. Nf3 Rxf4 27. Qd2 Rf7 28. Qh6 Qd8 29. Qh3 Qd7 30. Qg4 Rc8 31. Ng5 Bxg5 32. Qxg5 Rcf8 33. Rxf7 Qxf7 34. Rf1 Qg7 35. Rxf8+ Kxf8 36. Kf2 h6 37. Qg4 Qf7+ 38. Ke3 Ne7 39. Qh4 Kg7 40. Qg4 Nf5+ 41. Nxf5+ Qxf5 42. Qh4 g5 43. Qh5 Qd3+ 44. Kf2 Qd2+ 45. Kg3 Qe1+ 46. Kg2 Qe4+ 47. Kg3 Qg6 48. Kg4 Qxh5+ 49. Kxh5 Kh7 50. h3 Kg7 51. h4 gxh4 52. Kxh4 Kg6 53. Kg4 h5+ 54. Kh4 Kh6 55. Kh3 Kg5 56. Kg3 h4+ 57. Kh3 Kh5 58. Kh2 Kg4 59. Kg2 h3+ 60. Kh2 Kh4 61. Kh1 Kg3 62. Kg1 h2+ 63. Kh1 Kh3 0-1

[Event "34th European Club Cup 2018"]
[Site "Halkidiki"]
[Date "2018.10.17"]
[Round "6"]
[White "Tzagarakis, Panagiotis"]
[Black "Drent, Sjoerd"]
[Result "1-0"]
[WhiteElo "1724"]
[BlackElo "2001"]
[Annotator "NA"]
[PlyCount "63"]
[EventDate "2018.10.12"]
[EventType "team-tourn"]
[EventCountry "GRE"]
[SourceTitle "playchess.com"]
[Source "ChessBase"]
[SourceQuality "1"]
[WhiteTeam "Chania CC"]
[BlackTeam "En Passant"]

1. e4 Nf6 2. e5 Nd5 3. d4 d6 4. c4 Nb6 5. exd6 cxd6 6. Nc3 g6 7. Be3 Bg7 8. Rc1 O-O 9. b3 e5 10. Nb5 Nc6 11. d5 Ne7 12. c5 dxc5 13. d6 Nc6 14. Bxc5 Bd7 15. a4 Rb8 16. Qd2 Nc8 17. Nc7 Nd4 18. Bc4 Qh4 19. Rc3 Rd8 20. Ne2 Bh6 21. Qd1 Bg7 22. O-O Bc6 23. f4 Nxe2+ 24. Qxe2 exf4 25. Bxf7+ Kh8 26. Rc4 Nxd6 27. Rcxf4 Qg5 28. Ne6 Qe5 29. Bd4 Nxf7 30. Bxe5 Bxe5 31. Nxd8 Rxd8 32. Rxf7 1-0

[Event "34th European Club Cup 2018"]
[Site "Halkidiki"]
[Date "2018.10.17"]
[Round "6"]
[White "Barrett, Conor"]
[Black "Mahmuti, Ajet"]
[Result "1-0"]
[WhiteElo "1643"]
[BlackElo "1993"]
[Annotator "NA"]
[PlyCount "53"]
[EventDate "2018.10.12"]
[EventType "team-tourn"]
[EventCountry "GRE"]
[SourceTitle "playchess.com"]
[Source "ChessBase"]
[SourceQuality "1"]
[WhiteTeam "Ballinasloe"]
[BlackTeam "Dardania"]

1. e4 e5 2. Nf3 Nc6 3. Bc4 Bc5 4. d3 d6 5. h3 h6 6. Nc3 a6 7. a3 Nf6 8. O-O Be6 9. Ba2 Qd7 10. Kh2 O-O 11. Be3 Nh7 12. Qd2 f5 13. Bxe6+ Qxe6 14. Bxc5 dxc5 15. Nd5 Rf7 16. Rad1 fxe4 17. dxe4 Raf8 18. Nh4 g5 19. Nf5 Nd4 20. Nde3 Re8 21. c3 Nb3 22. Qd5 c6 23. Qxe6 Rxe6 24. Rd8+ Nf8 25. Nd6 Rc7 26. Nef5 Rf6 27. Ne8 1-0

[Event "34th European Club Cup 2018"]
[Site "Halkidiki"]
[Date "2018.10.18"]
[Round "7"]
[White "Ding, Liren"]
[Black "Efimenko, Zahar"]
[Result "1-0"]
[WhiteElo "2804"]
[BlackElo "2641"]
[Annotator "TA"]
[PlyCount "79"]
[EventDate "2018.10.12"]
[EventType "team-tourn"]
[EventCountry "GRE"]
[SourceTitle "playchess.com"]
[Source "ChessBase"]
[SourceQuality "1"]
[WhiteTeam "Alkaloid"]
[BlackTeam "Beer Sheva"]

1. e4 e5 2. Nf3 Nc6 3. Bb5 a6 4. Ba4 Nf6 5. O-O Be7 6. Re1 b5 7. Bb3 O-O 8. a4 Bb7 9. d3 d6 10. c3 Qd7 11. Nbd2 Nd8 12. Nf1 Ne6 13. Ng3 c5 14. d4 exd4 15. cxd4 d5 16. e5 Ne4 17. Nf5 c4 18. Bc2 Bb4 19. Re3 Rad8 20. Ng3 Bc6 21. h4 bxa4 22. h5 a5 23. Ra2 g6 24. Nh2 Kh8 25. Ne2 Ng7 26. Rh3 Be7 27. f3 Nxh5 28. fxe4 dxe4 29. Bxa4 f6 30. exf6 Bxf6 31. Bxc6 Qxc6 32. Bh6 Rf7 33. Ng4 c3 34. Rxc3 Qe6 35. Nxf6 Nxf6 36. Rxa5 Ng4 37. Bf4 Rdf8 38. Qc1 e3 39. Rc7 Qe4 40. Rxf7 1-0

[Event "34th European Club Cup 2018"]
[Site "Halkidiki"]
[Date "2018.10.18"]
[Round "7"]
[White "Fedoseev, Vladimir"]
[Black "Grandelius, Nils"]
[Result "1-0"]
[WhiteElo "2713"]
[BlackElo "2655"]
[Annotator "TA"]
[PlyCount "79"]
[EventDate "2018.10.12"]
[EventType "team-tourn"]
[EventCountry "GRE"]
[SourceTitle "playchess.com"]
[Source "ChessBase"]
[SourceQuality "1"]
[WhiteTeam "St.Petersburg"]
[BlackTeam "Valerenga"]

1. d4 d5 2. c4 c6 3. Nf3 Nf6 4. Qb3 e6 5. Bg5 h6 6. Bxf6 Qxf6 7. g3 dxc4 8. Qxc4 Nd7 9. Bh3 g6 10. Nc3 Bg7 11. O-O O-O 12. Rfd1 Qe7 13. Ne4 a5 14. Rd2 a4 15. a3 Ra5 16. Qb4 Qxb4 17. axb4 Rb5 18. Rxa4 Nb6 19. Ra2 Rxb4 20. Nc5 Nd7 21. Nd3 Rb5 22. Rc2 Rd8 23. e3 Nb8 24. Bf1 Na6 25. Ra4 Bf8 26. Nde5 Nb4 27. Rc1 Rb6 28. Nd2 Nd5 29. Ra2 Nb4 30. Ra7 Be7 31. Rca1 c5 32. Ndc4 Ra6 33. R1xa6 Nxa6 34. Nb6 cxd4 35. Nxc8 Rxc8 36. Bxa6 dxe3 37. Rxb7 Bf6 38. Nxf7 exf2+ 39. Kxf2 Bg7 40. Bd3 1-0

[Event "34th European Club Cup 2018"]
[Site "Halkidiki"]
[Date "2018.10.18"]
[Round "7"]
[White "Vallejo Pons, Francisco"]
[Black "Chigaev, Maksim"]
[Result "1/2-1/2"]
[WhiteElo "2713"]
[BlackElo "2599"]
[Annotator "TA"]
[PlyCount "99"]
[EventDate "2018.10.12"]
[EventType "team-tourn"]
[EventCountry "GRE"]
[SourceTitle "playchess.com"]
[Source "ChessBase"]
[SourceQuality "1"]
[WhiteTeam "Padova"]
[BlackTeam "Molodezhka"]

1. d4 Nf6 2. c4 g6 3. Nc3 Bg7 4. e4 d6 5. Be2 O-O 6. Bg5 Na6 7. Qd2 e5 8. d5 c6 9. f3 cxd5 10. cxd5 Bd7 11. Bxa6 bxa6 12. Nge2 a5 13. O-O Qb6+ 14. Be3 Qa6 15. a4 Rab8 16. Nb5 Bxb5 17. axb5 Rxb5 18. b4 a4 19. Rfc1 a3 20. Qd3 Qb7 21. Bd2 Nd7 22. Qxa3 a5 23. bxa5 Rb3 24. Qa4 Nc5 25. Rxc5 dxc5 26. a6 Rb1+ 27. Rxb1 Qxb1+ 28. Kf2 Qd3 29. Be3 Ra8 30. a7 Bf8 31. Qa5 Qb3 32. Qa6 Kg7 33. d6 Qb4 34. g4 h6 35. h4 Kh7 36. g5 hxg5 37. hxg5 Kg7 38. d7 Be7 39. Qc8 Rxa7 40. d8=Q Bxd8 41. Qxd8 Ra2 42. Qd3 c4 43. Qd5 Qc3 44. Bc5 Qd3 45. Qxe5+ Kh7 46. Qh2+ Kg8 47. Qb8+ Kh7 48. Qh2+ Kg8 49. Qb8+ Kh7 50. Qh2+ 1/2-1/2

[Event "34th European Club Cup 2018"]
[Site "Halkidiki"]
[Date "2018.10.18"]
[Round "7"]
[White "Eljanov, Pavel"]
[Black "Mikhalevski, Victor"]
[Result "1/2-1/2"]
[WhiteElo "2703"]
[BlackElo "2565"]
[Annotator "TA"]
[PlyCount "55"]
[EventDate "2018.10.12"]
[EventType "team-tourn"]
[EventCountry "GRE"]
[SourceTitle "playchess.com"]
[Source "ChessBase"]
[SourceQuality "1"]
[WhiteTeam "Alkaloid"]
[BlackTeam "Beer Sheva"]

1. c4 Nf6 2. Nc3 d5 3. cxd5 Nxd5 4. g3 g6 5. Bg2 Nxc3 6. bxc3 Bg7 7. h4 h6 8. Rb1 Nc6 9. Nf3 O-O 10. O-O b6 11. d3 Bd7 12. Qc2 Na5 13. Bf4 c5 14. Ne5 Rc8 15. Nxd7 Qxd7 16. e4 e5 17. Be3 h5 18. Rbd1 Qe7 19. Qe2 Nc6 20. Qf3 Qe6 21. Qe2 Rcd8 22. Kh2 Rd6 23. Bh3 Qe7 24. Rd2 Kh7 25. Bg5 Bf6 26. Be3 Bg7 27. Bg5 Bf6 28. Be3 1/2-1/2

[Event "34th European Club Cup 2018"]
[Site "Halkidiki"]
[Date "2018.10.18"]
[Round "7"]
[White "Mamedov, Rauf"]
[Black "Navara, David"]
[Result "0-1"]
[WhiteElo "2699"]
[BlackElo "2740"]
[Annotator "TA"]
[PlyCount "76"]
[EventDate "2018.10.12"]
[EventType "team-tourn"]
[EventCountry "GRE"]
[SourceTitle "playchess.com"]
[Source "ChessBase"]
[SourceQuality "1"]
[WhiteTeam "Odlar Yurdu"]
[BlackTeam "Novy Bor"]

1. e4 c5 2. c3 Nf6 3. e5 Nd5 4. Nf3 Nc6 5. Bc4 Nb6 6. Bb3 d5 7. exd6 Qxd6 8. Na3 a6 9. O-O Bf5 10. d4 cxd4 11. Nxd4 Nxd4 12. cxd4 e6 13. Qf3 Qd7 14. Qg3 Bg6 15. Bf4 Bxa3 16. bxa3 O-O 17. Rac1 Rac8 18. h4 Nd5 19. Bd6 Nc3 20. Rce1 Ne4 21. Rxe4 Bxe4 22. Re1 Qc6 23. h5 h6 24. Be7 Kh7 25. Bxf8 Rxf8 26. Qf4 Bxg2 27. Rxe6 fxe6 28. Qxf8 Bh3 29. f3 Qc7 30. Kh1 Qc1+ 31. Kh2 Bf5 32. Qd6 Qg5 33. d5 Qxh5+ 34. Kg2 Qh3+ 35. Kf2 Qh4+ 36. Kg2 Bh3+ 37. Kh2 exd5 38. Kg1 Qg5+ 0-1

[Event "34th European Club Cup 2018"]
[Site "Halkidiki"]
[Date "2018.10.18"]
[Round "7"]
[White "Howell, David W L"]
[Black "Vitiugov, Nikita"]
[Result "1/2-1/2"]
[WhiteElo "2689"]
[BlackElo "2709"]
[Annotator "TA"]
[PlyCount "84"]
[EventDate "2018.10.12"]
[EventType "team-tourn"]
[EventCountry "GRE"]
[SourceTitle "playchess.com"]
[Source "ChessBase"]
[SourceQuality "1"]
[WhiteTeam "Valerenga"]
[BlackTeam "St.Petersburg"]

1. d4 Nf6 2. c4 e6 3. Nc3 Bb4 4. Qc2 O-O 5. Nf3 d5 6. a3 Bxc3+ 7. Qxc3 dxc4 8. Qxc4 b6 9. Bg5 Bb7 10. Rc1 c5 11. dxc5 h6 12. Bxf6 Qxf6 13. Qd4 Rc8 14. e3 Qe7 15. Be2 Nd7 16. c6 Rxc6 17. Rxc6 Bxc6 18. O-O Bb7 19. Rd1 Nf6 20. Ne5 Rc8 21. f3 Qc7 22. e4 Nh7 23. Bc4 Nf8 24. b3 Qe7 25. a4 Rc7 26. Qd6 Qxd6 27. Rxd6 g5 28. Kf2 Kg7 29. Rd8 f6 30. Ng4 Rc8 31. Rd2 Rc7 32. Rd8 Rc8 33. Rd2 Rc7 34. Ke3 f5 35. Nf2 Bc8 36. a5 Bd7 37. axb6 axb6 38. exf5 exf5 39. f4 gxf4+ 40. Kxf4 Ng6+ 41. Ke3 Bc6 42. g3 f4+ 1/2-1/2

[Event "34th European Club Cup 2018"]
[Site "Halkidiki"]
[Date "2018.10.18"]
[Round "7"]
[White "Rodshtein, Maxim"]
[Black "Predojevic, Borki"]
[Result "1-0"]
[WhiteElo "2674"]
[BlackElo "2616"]
[Annotator "TA"]
[PlyCount "49"]
[EventDate "2018.10.12"]
[EventType "team-tourn"]
[EventCountry "GRE"]
[SourceTitle "playchess.com"]
[Source "ChessBase"]
[SourceQuality "1"]
[WhiteTeam "St.Petersburg"]
[BlackTeam "Valerenga"]

1. d4 Nf6 2. c4 e6 3. g3 d5 4. Bg2 Be7 5. Nf3 O-O 6. Nc3 c6 7. O-O Nbd7 8. b3 b6 9. Bb2 Ba6 10. Nd2 b5 11. cxd5 cxd5 12. a3 Rc8 13. Re1 Bb7 14. e3 a6 15. Qe2 b4 16. axb4 Bxb4 17. Rec1 Qb6 18. Na4 Rxc1+ 19. Rxc1 Qd6 20. Nf3 Rc8 21. Rxc8+ Bxc8 22. Qc2 Qb8 23. Bc3 Qc7 24. Ne1 Ne4 25. Bxb4 1-0

[Event "34th European Club Cup 2018"]
[Site "Halkidiki"]
[Date "2018.10.18"]
[Round "7"]
[White "Laznicka, Viktor"]
[Black "Abasov, Nijat"]
[Result "1-0"]
[WhiteElo "2664"]
[BlackElo "2627"]
[Annotator "TA"]
[PlyCount "145"]
[EventDate "2018.10.12"]
[EventType "team-tourn"]
[EventCountry "GRE"]
[SourceTitle "playchess.com"]
[Source "ChessBase"]
[SourceQuality "1"]
[WhiteTeam "Novy Bor"]
[BlackTeam "Odlar Yurdu"]

1. d4 Nf6 2. c4 e6 3. Nc3 d5 4. Bg5 Be7 5. Nf3 h6 6. Bh4 O-O 7. e3 Ne4 8. Bxe7 Qxe7 9. cxd5 Nxc3 10. bxc3 exd5 11. Qb3 Rd8 12. a4 c5 13. Qa3 Bf5 14. Qxc5 Qxc5 15. dxc5 Rc8 16. Nd4 Bh7 17. Bb5 Rxc5 18. Kd2 Na6 19. Ra3 Nc7 20. Rha1 Ne6 21. R1a2 Rc7 22. Rb2 Rac8 23. a5 Nc5 24. f3 Ne6 25. Be2 Nc5 26. Bf1 Re7 27. Rb5 Rcc7 28. g4 Kf8 29. Ra1 Rc8 30. h4 g5 31. h5 Kg7 32. Ra3 Rec7 33. Be2 Rd8 34. Bd1 Nd3 35. Rab3 Nc5 36. R3b4 Rdc8 37. Bc2 Bxc2 38. Kxc2 Kh7 39. Kd2 Na6 40. Rb1 Nc5 41. Nf5 Rd7 42. Kc2 Rcc7 43. Rd1 Rc6 44. e4 Na4 45. Rb3 Rdc7 46. exd5 Rxc3+ 47. Rxc3 Rxc3+ 48. Kd2 Rc5 49. d6 Rd5+ 50. Ke1 Rxd1+ 51. Kxd1 Nc5 52. a6 bxa6 53. Kc2 a5 54. Kc3 Nd7 55. Kc4 a4 56. Kb4 Nb6 57. Ka3 a5 58. Kb2 Nd7 59. Kc2 Ne5 60. Kc3 Nd7 61. Kb2 Nc5 62. Ka3 Kh8 63. Nxh6 Kg7 64. Nf5+ Kf6 65. Ng3 Nd7 66. Ne4+ Ke6 67. Nxg5+ Kxd6 68. h6 Nf8 69. h7 Nxh7 70. Nxh7 Ke5 71. Ng5 f5 72. gxf5 Kxf5 73. Nh3 1-0

[Event "34th European Club Cup 2018"]
[Site "Halkidiki"]
[Date "2018.10.18"]
[Round "7"]
[White "Durarbayli, Vasif"]
[Black "Ragger, Markus"]
[Result "1/2-1/2"]
[WhiteElo "2629"]
[BlackElo "2690"]
[Annotator "TA"]
[PlyCount "136"]
[EventDate "2018.10.12"]
[EventType "team-tourn"]
[EventCountry "GRE"]
[SourceTitle "playchess.com"]
[Source "ChessBase"]
[SourceQuality "1"]
[WhiteTeam "Odlar Yurdu"]
[BlackTeam "Novy Bor"]

1. e4 e5 2. Nf3 Nc6 3. Bb5 Nf6 4. d3 Bc5 5. Bxc6 dxc6 6. Nbd2 Be6 7. O-O Nd7 8. Nb3 Be7 9. Na5 Qc8 10. b3 f6 11. Nh4 O-O 12. Qf3 Rf7 13. Qg3 Kh8 14. Bb2 c5 15. a4 Bd6 16. Nf5 Nf8 17. Qf3 Ng6 18. Rae1 Ne7 19. Ne3 b6 20. Nac4 a6 21. Qh5 Ng6 22. g3 Qd7 23. Nf5 b5 24. axb5 axb5 25. Nce3 Ra2 26. Bc3 Rf8 27. Qg4 Qf7 28. Ra1 Rfa8 29. Rxa2 Rxa2 30. f4 Qf8 31. fxe5 Bxe5 32. Bxe5 Nxe5 33. Qf4 Qf7 34. g4 Nc6 35. Ng3 Qe7 36. g5 fxg5 37. Qf8+ Qxf8 38. Rxf8+ Bg8 39. Rc8 Ra7 40. Nd5 g6 41. Ne2 Kg7 42. Rxc7+ Rxc7 43. Nxc7 Nb4 44. d4 Nxc2 45. dxc5 Bxb3 46. c6 Kf6 47. Nxb5 Ke7 48. Nec3 Nb4 49. Na7 Kd8 50. Kf2 Be6 51. Ncb5 Na6 52. Ke3 h5 53. Kd4 h4 54. Ke5 g4 55. Nd4 Bb3 56. Kf4 Bd1 57. Nab5 g5+ 58. Ke3 g3 59. hxg3 hxg3 60. Ne6+ Kc8 61. c7 Kd7 62. e5 Bg4 63. Nf8+ Kc8 64. Nh7 Nxc7 65. Nxc7 Kxc7 66. Nxg5 Kd7 67. Ne4 Ke6 68. Nxg3 Kxe5 1/2-1/2

[Event "34th European Club Cup 2018"]
[Site "Halkidiki"]
[Date "2018.10.18"]
[Round "7"]
[White "Paravyan, David"]
[Black "Leko, Peter"]
[Result "1/2-1/2"]
[WhiteElo "2629"]
[BlackElo "2690"]
[Annotator "TA"]
[PlyCount "79"]
[EventDate "2018.10.12"]
[EventType "team-tourn"]
[EventCountry "GRE"]
[SourceTitle "playchess.com"]
[Source "ChessBase"]
[SourceQuality "1"]
[WhiteTeam "Molodezhka"]
[BlackTeam "Padova"]

1. d4 Nf6 2. c4 e6 3. g3 d5 4. Bg2 Be7 5. Nf3 O-O 6. O-O dxc4 7. Ne5 Nc6 8. Bxc6 bxc6 9. Nxc6 Qe8 10. Nxe7+ Qxe7 11. b3 Rd8 12. bxc4 Qd6 13. Nc3 Qxd4 14. Be3 Qd7 15. Qxd7 Rxd7 16. Rfd1 a6 17. Bf4 Ne8 18. e4 Rxd1+ 19. Rxd1 Bb7 20. Kf1 Bc6 21. Ke2 f6 22. f3 Kf7 23. g4 Rb8 24. Rb1 Rxb1 25. Nxb1 e5 26. Bd2 Bd7 27. Kd3 Be6 28. Ba5 Ke7 29. Nc3 Kd6 30. h4 h5 31. gxh5 Bf7 32. h6 gxh6 33. Nd5 Bh5 34. Ke3 Bf7 35. Bb4+ c5 36. Ba5 f5 37. Bc3 fxe4 38. fxe4 Bg6 39. Ba5 Ke6 40. Nc7+ 1/2-1/2

[Event "34th European Club Cup 2018"]
[Site "Halkidiki"]
[Date "2018.10.18"]
[Round "7"]
[White "Tari, Aryan"]
[Black "Matlakov, Maxim"]
[Result "1/2-1/2"]
[WhiteElo "2618"]
[BlackElo "2683"]
[Annotator "TA"]
[PlyCount "60"]
[EventDate "2018.10.12"]
[EventType "team-tourn"]
[EventCountry "GRE"]
[SourceTitle "playchess.com"]
[Source "ChessBase"]
[SourceQuality "1"]
[WhiteTeam "Valerenga"]
[BlackTeam "St.Petersburg"]

1. e4 e5 2. Nf3 Nc6 3. Nc3 Nf6 4. d4 exd4 5. Nxd4 Bb4 6. Nxc6 bxc6 7. Bd3 d5 8. exd5 O-O 9. O-O Bg4 10. Be2 Bxe2 11. Nxe2 cxd5 12. Bg5 Be7 13. Qd3 Re8 14. c4 dxc4 15. Qxc4 Ne4 16. Bxe7 Qxe7 17. Qc2 a5 18. Rac1 a4 19. Ng3 Nxg3 20. hxg3 a3 21. bxa3 Qxa3 22. Qxc7 Qxa2 23. Qc4 Qxc4 24. Rxc4 Rac8 25. Rfc1 Rxc4 26. Rxc4 h5 27. g4 hxg4 28. Rxg4 g6 29. g3 Kg7 30. Kg2 Re7 1/2-1/2

[Event "34th European Club Cup 2018"]
[Site "Halkidiki"]
[Date "2018.10.18"]
[Round "7"]
[White "Vocaturo, Daniele"]
[Black "Antipov, Mikhail Al."]
[Result "1-0"]
[WhiteElo "2615"]
[BlackElo "2593"]
[Annotator "TA"]
[PlyCount "135"]
[EventDate "2018.10.12"]
[EventType "team-tourn"]
[EventCountry "GRE"]
[SourceTitle "playchess.com"]
[Source "ChessBase"]
[SourceQuality "1"]
[WhiteTeam "Padova"]
[BlackTeam "Molodezhka"]

1. d4 Nf6 2. c4 c6 3. Nc3 d5 4. Nf3 a6 5. e3 Bf5 6. Qb3 Ra7 7. Bd2 e6 8. Nh4 Be4 9. cxd5 cxd5 10. f3 Bg6 11. Nxg6 hxg6 12. O-O-O Nc6 13. Kb1 Be7 14. Rc1 O-O 15. h4 e5 16. Ne2 a5 17. dxe5 Nxe5 18. Nd4 a4 19. Qc2 a3 20. b3 Nc6 21. Nxc6 bxc6 22. Qxc6 Bd6 23. Bd3 Qe7 24. g4 Rc7 25. Qa4 Ra7 26. Qd4 Be5 27. Qc5 Bd6 28. Qc2 Rc7 29. Qd1 Qe5 30. Rc2 Ne4 31. Bxe4 dxe4 32. f4 Qe6 33. Rxc7 Bxc7 34. Bc1 Rd8 35. Qe2 Bd6 36. Rd1 Rb8 37. g5 Be7 38. Rd4 Rb4 39. Qd2 Rxd4 40. Qxd4 Kh7 41. b4 Qa6 42. Qxe4 Bf8 43. Bd2 f5 44. Qd4 Qc6 45. Qd3 Qg2 46. Qd4 Qc6 47. Qd3 Qg2 48. b5 Bb4 49. Bc1 Qb7 50. Qc4 Be7 51. Kc2 Qg2+ 52. Kb3 Qh1 53. Kc2 Qxh4 54. Bd2 Qh1 55. Bc3 Qf3 56. Bd4 Qe4+ 57. Kb3 Qb7 58. Qc6 Qb8 59. b6 Qg8+ 60. Qc4 Qe8 61. Qd5 Bd8 62. Kxa3 Bc7 63. Kb3 Bb8 64. a4 Qe7 65. a5 Bd6 66. a6 Ba3 67. a7 Qb4+ 68. Ka2 1-0

[Event "34th European Club Cup 2018"]
[Site "Halkidiki"]
[Date "2018.10.18"]
[Round "7"]
[White "Romanov, Evgeny"]
[Black "Alekseenko, Kirill"]
[Result "1/2-1/2"]
[WhiteElo "2614"]
[BlackElo "2639"]
[Annotator "TA"]
[PlyCount "72"]
[EventDate "2018.10.12"]
[EventType "team-tourn"]
[EventCountry "GRE"]
[SourceTitle "playchess.com"]
[Source "ChessBase"]
[SourceQuality "1"]
[WhiteTeam "Valerenga"]
[BlackTeam "St.Petersburg"]

1. c4 e5 2. g3 Nc6 3. Nc3 g6 4. Bg2 Bg7 5. e4 d6 6. Nge2 h5 7. h4 Nf6 8. d3 Nh7 9. Nd5 a5 10. Be3 Nd4 11. Nxd4 exd4 12. Bd2 c6 13. Nf4 Bg4 14. Qb3 Qe7 15. f3 Bc8 16. Qa3 Ra6 17. b4 axb4 18. Qxb4 Nf8 19. a4 Nd7 20. Bh3 O-O 21. Bxd7 Qxd7 22. Kf2 Be5 23. a5 Kg7 24. c5 Re8 25. cxd6 Qxd6 26. Qxd6 Bxd6 27. Rhc1 Bd7 28. Rab1 Rb8 29. Rc4 c5 30. Nd5 Be6 31. Rb5 Bxd5 32. exd5 b6 33. Bf4 Bxf4 34. gxf4 Rxa5 35. Rxa5 bxa5 36. Rxc5 Ra8 1/2-1/2

[Event "34th European Club Cup 2018"]
[Site "Halkidiki"]
[Date "2018.10.18"]
[Round "7"]
[White "Postny, Evgeny"]
[Black "Yu, Yangyi"]
[Result "0-1"]
[WhiteElo "2612"]
[BlackElo "2765"]
[Annotator "TA"]
[PlyCount "140"]
[EventDate "2018.10.12"]
[EventType "team-tourn"]
[EventCountry "GRE"]
[SourceTitle "playchess.com"]
[Source "ChessBase"]
[SourceQuality "1"]
[WhiteTeam "Beer Sheva"]
[BlackTeam "Alkaloid"]

1. d4 d5 2. c4 dxc4 3. Nf3 Nf6 4. e3 a6 5. Bxc4 b5 6. Be2 Bb7 7. O-O e6 8. a4 b4 9. b3 Nbd7 10. Bb2 c5 11. Nbd2 Be7 12. Nc4 O-O 13. Nfe5 Rc8 14. Bf3 Bd5 15. Rc1 Rc7 16. Qe2 Bxf3 17. Qxf3 Qa8 18. Qxa8 Rxa8 19. Nd3 cxd4 20. Bxd4 Rac8 21. Na5 Ne4 22. Rxc7 Rxc7 23. Rc1 Rxc1+ 24. Nxc1 e5 25. Bb2 f6 26. f3 Nec5 27. e4 Kf7 28. Kf1 Nb8 29. Ke2 Bd8 30. Nc4 Nc6 31. Kd2 h5 32. Kc2 h4 33. h3 g6 34. Nd3 Ne6 35. Bc1 Ned4+ 36. Kb2 Be7 37. Be3 Ne2 38. Bf2 g5 39. Kc2 Ke6 40. Kd2 Ned4 41. Bxd4 Nxd4 42. Nc1 Kd7 43. Ne3 Bd8 44. Kd3 a5 45. Kc4 Kc6 46. Nd3 Bb6 47. Nd5 Nc2 48. Ne7+ Kb7 49. Kd5 Na1 50. Ng8 Nxb3 51. Nxf6 Nd2 52. Nd7 Nb1 53. Kc4 Nd2+ 54. Kb5 Bd4 55. N7xe5 b3 56. Nf7 b2 57. Nxb2 Bxb2 58. Nxg5 Bc3 59. Nf7 Kc7 60. Nh6 Nb1 61. Nf5 Be1 62. Kc4 Nc3 63. Kb3 Ne2 64. Kc4 Bf2 65. Kb5 Nf4 66. Kxa5 Nxg2 67. Kb5 Nf4 68. Nh6 Nxh3 69. Ng4 Bg1 70. Kc4 Nf2 0-1

[Event "34th European Club Cup 2018"]
[Site "Halkidiki"]
[Date "2018.10.18"]
[Round "7"]
[White "Donchenko, Alexander"]
[Black "Thybo, Jesper Sondergaard"]
[Result "1/2-1/2"]
[WhiteElo "2610"]
[BlackElo "2496"]
[Annotator "TA"]
[PlyCount "61"]
[EventDate "2018.10.12"]
[EventType "team-tourn"]
[EventCountry "GRE"]
[SourceTitle "playchess.com"]
[Source "ChessBase"]
[SourceQuality "1"]
[WhiteTeam "Aachen"]
[BlackTeam "Jetsmark"]

1. c4 c5 2. g3 Nc6 3. Bg2 g6 4. Nc3 Bg7 5. Nf3 Nf6 6. d4 cxd4 7. Nxd4 O-O 8. O-O Qa5 9. e3 d6 10. Bd2 Qb6 11. b3 Bg4 12. Qe1 Nxd4 13. exd4 Qxd4 14. Bxb7 Bh3 15. Bxa8 Rxa8 16. Qe3 Ng4 17. Qxd4 Bxd4 18. Ne2 Bxa1 19. Rxa1 Ne5 20. Nd4 Bd7 21. Re1 Re8 22. Bc3 f6 23. f4 Nc6 24. Nb5 Kf7 25. Kf2 Rc8 26. Rd1 Nd8 27. Rd5 Nc6 28. Rd2 a6 29. Na3 Bf5 30. Nc2 d5 31. Ne3 1/2-1/2

[Event "34th European Club Cup 2018"]
[Site "Halkidiki"]
[Date "2018.10.18"]
[Round "7"]
[White "Indjic, Aleksandar"]
[Black "Petrov, Marian"]
[Result "1-0"]
[WhiteElo "2604"]
[BlackElo "2482"]
[Annotator "TA"]
[PlyCount "93"]
[EventDate "2018.10.12"]
[EventType "team-tourn"]
[EventCountry "GRE"]
[SourceTitle "playchess.com"]
[Source "ChessBase"]
[SourceQuality "1"]
[WhiteTeam "Itaka"]
[BlackTeam "Eynatten"]

1. d4 c5 2. c3 Nf6 3. Nf3 Qa5 4. e3 d5 5. Nbd2 cxd4 6. exd4 Bf5 7. Nh4 Bg6 8. Nxg6 hxg6 9. Nf3 Nc6 10. Bf4 e6 11. Qb3 Qb6 12. Bd3 Be7 13. h4 Rc8 14. Ke2 Nd7 15. g4 a6 16. g5 Na5 17. Qxb6 Nxb6 18. b3 Nd7 19. Kd2 Bd8 20. Rae1 Bc7 21. Bxc7 Rxc7 22. h5 gxh5 23. g6 Nf8 24. Ng5 Nc6 25. Nxf7 Rxf7 26. gxf7+ Kxf7 27. f4 g6 28. a4 Kf6 29. b4 Ne7 30. c4 dxc4 31. Bxc4 b5 32. axb5 axb5 33. Bxb5 Nd5 34. Rb1 Nxf4 35. Bc6 Ke7 36. b5 Nd7 37. b6 Rb8 38. b7 Kd6 39. Rhc1 g5 40. Bh1 Nd5 41. Bxd5 Kxd5 42. Rc7 Kd6 43. Rc8 h4 44. Ke2 e5 45. dxe5+ Kxe5 46. Rxb8 Nxb8 47. Rc1 1-0

[Event "34th European Club Cup 2018"]
[Site "Halkidiki"]
[Date "2018.10.18"]
[Round "7"]
[White "Andersen, Mads"]
[Black "Roberson, Peter T"]
[Result "1-0"]
[WhiteElo "2597"]
[BlackElo "2396"]
[Annotator "TA"]
[PlyCount "103"]
[EventDate "2018.10.12"]
[EventType "team-tourn"]
[EventCountry "GRE"]
[SourceTitle "playchess.com"]
[Source "ChessBase"]
[SourceQuality "1"]
[WhiteTeam "Solingen"]
[BlackTeam "Grantham"]

1. Nf3 Nf6 2. g3 d5 3. Bg2 e6 4. O-O Be7 5. c4 O-O 6. d4 dxc4 7. Ne5 Nc6 8. Nxc6 bxc6 9. Na3 Bxa3 10. bxa3 Ba6 11. Qd2 Rb8 12. Qa5 Qc8 13. a4 Rd8 14. Ba3 Rxd4 15. Rfb1 Rb6 16. Bc5 Rd7 17. Rd1 Rxd1+ 18. Rxd1 Rb8 19. Bxc6 Bb7 20. Bb5 e5 21. Bxc4 Qh3 22. f3 Ng4 23. Qxa7 Re8 24. Bb3 Qxh2+ 25. Kf1 Qxg3 26. Bg1 Bxf3 27. exf3 Qxf3+ 28. Ke1 Qc3+ 29. Ke2 e4 30. Be3 Qb2+ 31. Rd2 Qf6 32. Rd7 Ne5 33. Rd1 h5 34. Rf1 Nf3 35. Qxc7 Re7 36. Qc8+ Kh7 37. a5 g6 38. a6 Qd6 39. Qc4 Qh2+ 40. Rf2 Qg1 41. Qc1 Qg4 42. Qh1 Qc8 43. Rxf3 exf3+ 44. Qxf3 Qxa6+ 45. Kf2 Qd6 46. Qf4 Qd7 47. Qh6+ Kg8 48. Qxg6+ Kh8 49. Qf6+ Kg8 50. Bd4 Re2+ 51. Kxe2 Qg4+ 52. Kf2 1-0